| 000 | 01166nam a2200289 i 4500 | ||
|---|---|---|---|
| 003 | CSPC | ||
| 005 | 20250214133530.0 | ||
| 008 | 250214s2020 cau b 001 0 eng d | ||
| 020 | _a9781641526197 | ||
| 040 |
_cCSPC _aCSPC _erda _beng |
||
| 082 | 0 | 4 |
_a158.1 _bM336p |
| 100 | 1 |
_aMargaret, Caitlin, _eauthor. |
|
| 245 | 1 | 4 |
_aThe path to positivity : _bproven positive thinking techniques for getting motivated and living your best life / _cCaitlin Margaret. |
| 264 | 1 |
_aEmeryville, California : _bRockridge Press, _c2020. |
|
| 300 |
_a142 pages ; _c21 cm. |
||
| 336 |
_atext _2rdacontent |
||
| 337 |
_aunmediated _2rdamedia |
||
| 338 |
_avolume _2rdacarrier |
||
| 504 | _aIncludes bibliographical references and index. | ||
| 505 | 0 | _aEstablishing your positive mental attitude -- Your brain on positivity -- Living your values -- Taking action -- Nurturing positivity. | |
| 650 | 4 | _aPositive psychology. | |
| 650 | 4 | _aMotivation (Psychology). | |
| 650 | 4 |
_aSuccess _xPsychological aspects. |
|
| 650 | 4 | _aSelf-actualization (Psychology). | |
| 942 |
_2ddc _n0 _cBK _h158.1 _iM336p _kCIR _m2020 |
||
| 999 |
_c28842 _d28842 |
||